| 000 | 00718nam0a22002531 4500 | ||
|---|---|---|---|
| 001 | RU\INFOCOMM_322\NLR\5000224373 | ||
| 005 | 20250613112126.0 | ||
| 035 | _a(NLR Aleph) 009604071 | ||
| 090 |
_a9329443 _c9329443 |
||
| 100 | _a20130312d1957 |||y0rusy50 ca | ||
| 101 | 0 | _aeng | |
| 102 | _aRU | ||
| 105 | _ay z ||||| | ||
| 200 | 1 |
_aThe НПП-1m immersion pneumatic pump _eMaintenance instructions _fV/o Machinoexport |
|
| 210 |
_aM. _d[1957] |
||
| 215 |
_a11 с. _cчерт. _d22 см |
||
| 620 | _aМосква | ||
| 686 |
_aТ-5-93 _2rubbk |
||
| 712 | 0 | 2 |
_a"Machinoexport", v/o _4570 |
| 801 | 1 |
_aRU _bInfocomm _c20130312 |
|
| 801 | 0 |
_aRU _bINFOCOMM _gPSBO |
|
| 852 |
_aNLR _jТ25 Г-6/11 |
||
| 942 | _cBOOK | ||
| 980 | _aNB | ||